Expressions et métiers 7 (click quiz) - Statistiques

Statistiques générales
  • Ce quiz a été pris 88 fois
  • Le résultat moyen est 7 sur 8
Statistiques - réponses
Hint Réponse % Correct
A pied pédicure
87%
Compte d'apothicaire comptable
86%
Amoureux des 11000 vierges gynécologue
86%
Avoir un moral d'acier metallurgiste
86%
Costume d'Eve modèle nu
86%
Sonner l'alarme employé anti home-jacking
85%
Avoir des antennes présentateur télé
78%
Avancer comme un escargot Héliciculteur
72%
Aucun quiz correspondant
Distribution des résultats
% des personnes avec chaque résultat
Percentile par nombre de réponses
Votre historique - résultats
Vous n’avez pas pris ce quiz